|
|
|
|
| LEADER |
01613nam a22003972a 4500 |
| 001 |
001468292 |
| 003 |
CZ BrMZK |
| 005 |
20151008084608.0 |
| 007 |
ta |
| 008 |
150427s1952 xr er|||||||||||cze d |
| 015 |
|
|
|a cnb000507207
|
| 035 |
|
|
|a (OCoLC)85311861
|
| 040 |
|
|
|a ABA009
|b cze
|d BOA001
|
| 072 |
|
7 |
|a 579
|x Mikrobiologie
|2 Konspekt
|9 2
|
| 080 |
|
|
|a 579
|2 MRF
|
| 080 |
|
|
|a 581.169
|2 MRF
|
| 100 |
1 |
|
|a Málek, Ivan,
|d 1909-1994
|7 jk01073211
|4 aut
|
| 245 |
1 |
0 |
|a Sovětská mikrobiologie - zbraň míru /
|c Ivan Málek ; Mičurinská genetika / Eva Glasnerová ; Život rostlin : Lysenkova theorie stadijního vývoje / František Hořavka
|
| 250 |
|
|
|a 1. vyd.
|
| 260 |
|
|
|a Praha :
|b Československo-sovětský institut,
|c 1952
|
| 300 |
|
|
|a 91 s.
|
| 490 |
1 |
|
|a Knižnice Československo-sovětského institutu ;
|v 7
|
| 504 |
|
|
|a Obsahuje bibliografii
|
| 505 |
0 |
0 |
|t Sovětská mikrobiologie - zbraň míru /
|r Ivan Málek --
|t Mičurinská genetika /
|r Eva Glasnerová --
|t Život rostlin : Lysenkova theorie stadijního vývoje /
|r František Hořavka
|
| 650 |
0 |
7 |
|a mikrobiologie
|2 czenas
|
| 650 |
0 |
7 |
|a genetika rostlin
|2 czenas
|
| 650 |
0 |
7 |
|a vývoj rostlin
|2 czenas
|
| 650 |
0 |
7 |
|a Lysenkovo učení
|2 czenas
|
| 650 |
0 |
7 |
|a Mičurinovo učení
|2 czenas
|
| 700 |
1 |
|
|a Glasnerová, Eva,
|d 1912-
|7 jk01032463
|4 aut
|
| 700 |
1 |
|
|a Hořavka, František,
|d 1918-1954
|7 jk01042312
|4 aut
|
| 830 |
|
0 |
|a Knižnice Československo-sovětského institutu
|
| 910 |
|
|
|a BOA001
|b 2-0301.166
|
| 990 |
|
|
|a BK
|
| 991 |
|
|
|b 201504
|
| 996 |
6 |
|
|b 2618833661
|c 2-0301.166
|l MZK
|r Sklad / do 24 hodin
|n 0
|w 001503208
|u 000010
|a 1
|e BOA001
|j MZK50
|s P
|